00978cam a2200241 a 450000500170000000800410001702000270005802000270008504000560011204100080016824501170017625000110029326000680030430000400037249000340041250400530044665000520049965000310055165000630058270000300064570000270067570000340070220220113090359.0130821s2017 enka gr eng  a9780198737322 (3a.Ed.) a9780199544806 (2a.Ed.) aCo-BoUCM.bspacDeissy Garcia (modificó)d[Nuevo]00aeng00aInternational relations and the European Unionceditado por Christopher Hill, Michael Smith, Sophie Vanhoonacker a3a.Ed. aOxford (Oxfordshire, Inglaterra)bOxford University Pressc2017 axxiii, 570 páginasbilustraciones0 aThe new European Union series aIncluye referencias bibliográficas e índices aGlobalizaciónzPaíses de La Unión Europea aRelaciones internacionales aRelaciones internacionaleszPaíses de La Unión Europea1 aHill, Christophereeditor1 aSmith, Michaeleeditor1 aVanhoonacker, Sophie eeditor